| 000 | 00482nam a2200169Ia 4500 | ||
|---|---|---|---|
| 999 |
_c36163 _d36163 |
||
| 003 | OSt | ||
| 005 | 20201228092751.0 | ||
| 008 | 190216s9999||||xx |||||||||||||| ||und|| | ||
| 040 | _coclc | ||
| 082 |
_a901 _bKHA/M |
||
| 100 |
_aKhaldun, Ibn _92298 |
||
| 245 | 0 |
_aMuqaddima / _cIbn Khaldun |
|
| 260 |
_bThe Mathrubhumi Printing And Publishers, _c1984. _aKozhikode: |
||
| 300 | _a1019p | ||
| 650 | _aIslamic History | ||
| 942 |
_cBK _2ddc _h901 _iKHA/M _k901 _mKHA/M |
||